| 000 | 04289nam a22002777a 4500 | ||
|---|---|---|---|
| 003 | DO-SdBNP | ||
| 005 | 20241009115417.0 | ||
| 007 | ta | ||
| 008 | 221102b2022 dr a|||| |||| 00| 0 spa d | ||
| 020 | _a9789945180732 | ||
| 040 |
_aDO-SdBNP _bspa _cBNPHU |
||
| 082 | 4 |
_aRD864.44 _bM874pa _222 |
|
| 100 |
_977409 _aMorrison Fortunato, Heriberto |
||
| 245 | 1 | 0 |
_aPasión compartida deporte y literatura / _cHeriberto Morrison |
| 260 |
_aSanto Domingo : _bBúho, _c2022. |
||
| 300 |
_a249 p. : _bil. ; _c23 cm. |
||
| 500 | _aIncluye datos biográficos del autor en las solapas | ||
| 504 | _aBibliografía : p. 247 | ||
| 505 | _aDedicatoria 13 -- Agradecimientos 15 -- Introducción necesaria 17 -- En torno al vínculo histórico entre el deporte y la literatura 25 -- Homero, autor de la primera crónica deportiva 35 -- El cantar de Mio Cid, primer texto narrativo de la literatura española que utilizó el vocablo deporte 39 -- El deporte en la producción literaria de Cervantes 43 -- ´´Ajedrez´´, un poema de Jorge Luis Borges 47 -- Ernesto Sábato, sus escritos y pasión por el fútbol 51 -- ´´Oda a la bicicleta´´ de Pablo Neruda 55 -- ´´El deporte es Cultura´´, ensayo de Alejo Carpentier 59 -- Vicente Aleixandre: poema sobre el patinaje y la vida 63 -- Ernest Hemingway: ´´mi escritura no es nada, mi boxeo lo es todo´´ 67 -- El origen deportivo del estado: una tesis de Ortega y Gasset 71 -- James Joyce, inserta el tema deportivo en Ulises 73 -- Las ´´Desmesuras deportivas´´ de Lázaro Carreter 77 -- Julio Cortázar: fascinación por el ´´Noble arte´´ 81 -- Novelista Murakami: hace un símil entre los oficios de escribir y correr 85 -- Juan Marichal en el poema de Lawrence Ferlinghetti 87 -- Marcio Veloz Maggiolo: sus textos sobre temas deportivos 91 -- ´´Ahora que vuelvo, Ton´´ de René del Risco y el tema deportivo 95 -- ´´El salto´´, de León Felipe 101 -- Juan Bosch se refirió a la filosofía del deporte y su finalidad humana 105 -- Canción de Bob Dylan a ´´Huracán´´ Carter 109 -- La noche más larga de Norman Mailer 113 -- ´´Pío tai´´, poema de Fernández retamar dedicado al béisbol cubano 117 -- Vázquez Montalbán: sus textos sobre temática deportiva 121 -- ´´Prosas de un peso Welter´´: texto de Alexis Gómez Rosa 125 -- El fútbol a sol y sombra de Eduardo Galeano 129 -- ´´El centerfielder´´, un cuento de Sergio Ramírez 131 -- Albert Camus: sobre la moral y el fútbol 135 -- John Carlin, Mandela y un partido de rugby 139 -- Kid chocolate a través del prisma de Cabrera Infante 143 -- ´´Bella y marítima´´, poema de Miguel Hernández 147 -- Miguel de Unamuno: alpinista y abanderado del aficionismo 151 -- Nicolás Guillén y su elegía ´´Deportes´´ 155 -- ´´Los muchachos del Memphis´´, un cuento de Pedro Peix 159 -- ´´Balada para Pelé´´, de Horacio Ferrer 163 -- crónica de José Martí sobre una pelea de boxeo 167 -- ´´El Atleta´´, de Rafael Ramírez escoto 171 -- Un ´´Trozo de carne´´, relato de Jack London 173 -- Arthur Conan Doyle, deportista y literato 177 -- ´´Juan Polti, half back´´ de Horacio Quiroga 181 -- Mario Benedetti, sus cuentos sobre el fútbol 185 - César Vallejo y su poema sobre el tenista 189 -- ´´Proverbios y cantares´´ de Antonio Machado 193 -- ´´Nadadora de noche´´ de Pedro Salinas 197 -- ´´El patinador´´ y otros escritos de Jean Cocteau 201 -- Un cuento de Mateo Morrison: ´´Entre los brazos de Teresita y Garabato Sachie´´ 205 -- Las ´´Nadadoras´´ de Jorge Guillén 211 -- Enriquillo Sánchez, su poema ´´no cejar, ceja´´ 215 -- En torno al primer concurso de cuentos sobre Béisbol del Ministerio de Cultura 217 -- El miedo escénico descrito por Jorge Valdano 223 -- ´´Oda a Platko´´, exaltación de Rafael Alberti a un futbolista 227 -- Felipe Cunil: ´´Drama en dos actos´´ 231 -- Gerardo Diego: sus creaciones sobre deportes 235 -- Segundo Concurso de Cuentos sobre Béisbol del Ministerio de Cultura 239 -- Orlando Alba: Lengua y béisbol en la República Dominicana 243 -- Bibliografia y referencias 247 | ||
| 590 | _aInventariado, 2022/BT | ||
| 650 | _aEnsayos dominicanos | ||
| 650 |
_aDeportes _936892 |
||
| 650 | 0 |
_aLiteratura _93439 |
|
| 910 | _aBtavárez | ||
| 942 |
_2ddc _cLBS1 |
||
| 999 |
_c52728 _d52728 |
||